| 000 | 01093nam0a2200349 4500 | ||
|---|---|---|---|
| 001 | RU\NLR\bibl\411369 | ||
| 005 | 20250622171144.0 | ||
| 010 |
_a5-322-00166-2 _bВ пер. _94000 |
||
| 021 |
_aRU _b2003-20671 _9958 |
||
| 021 |
_aRU _b2004-56721 _92793 |
||
| 035 | _a(NLR Aleph) 000405429 | ||
| 090 |
_a601640 _c601640 |
||
| 100 | _a20030606d2003 |||y0rusy50 ca | ||
| 101 | 1 |
_arus _ceng |
|
| 102 | _aRU | ||
| 105 | _aa ||||||||| | ||
| 200 | 1 |
_aВяжем для малыша _eПер. с англ. |
|
| 210 |
_aМ. _cНиола 21-й в. _d2003 |
||
| 215 |
_a110 с. _cцв. ил. _d29 |
||
| 606 | 0 |
_aДетская одежда _xВязание ручное _92160773 _3RU\NLR\auth\661300410 |
|
| 610 | 0 | _aВязание ручное | |
| 610 | 0 | _aТрикотажные изделия детские - Модели | |
| 675 |
_a746.42 _v3 _zrus |
||
| 686 |
_a18.31 _2rugasnti |
||
| 686 |
_a37.248 _2rubbk |
||
| 686 | _aМ483 | ||
| 801 | 0 |
_aRU _bRKP _c20030606 _gPSBO |
|
| 801 | 1 |
_aRU _bRKP _c20030606 |
|
| 801 | 2 |
_aRU _bNLR _c20041117 _grcr |
|
| 942 | _cBOOK | ||
| 980 | _aNB | ||